<?xml version="1.0" encoding="UTF-8"?>
<marc:record xmlns:marc="http://www.loc.gov/MARC21/slim">
   <marc:leader>00000nam a2200000 a 4500</marc:leader>
   <marc:datafield ind1="1" ind2=" " tag="100">
      <marc:subfield code="a">Vaugelade, Anais</marc:subfield>
      <marc:subfield code="4">aut</marc:subfield>
      <marc:subfield code="e">Verfasser/-in</marc:subfield>
   </marc:datafield>
   <marc:datafield ind1="0" ind2="0" tag="245">
      <marc:subfield code="a">Ich bau mir einen großen Bruder</marc:subfield>
   </marc:datafield>
   <marc:datafield ind1="0" ind2="0" tag="245">
      <marc:subfield code="b">wie unser Körper funktioniert</marc:subfield>
   </marc:datafield>
   <marc:datafield ind1="0" ind2="0" tag="245">
      <marc:subfield code="c">Anais Vaugelade ; aus dem Französischen von Tobias Scheffel</marc:subfield>
   </marc:datafield>
   <marc:datafield ind1=" " ind2="1" tag="264">
      <marc:subfield code="a">Frankfurt am Main</marc:subfield>
      <marc:subfield code="b">Moritz Verlag</marc:subfield>
      <marc:subfield code="c">2017</marc:subfield>
   </marc:datafield>
   <marc:datafield ind1="1" ind2=" " tag="520">
      <marc:subfield code="a">Im Mittelpunkt dieses großformatigen Bandes steht Susa, die schrecklich gerne einen richtig großen Bruder hätte. Also beschließt sie, sich einen zu bauen. Als erstes braucht sie harte Knochen, dann Gelenke, Bänder und Muskulatur. Dafür verwendet sie Hölzer und Gummibänder und hat Glück, ein gelehrtes Krokodil zum Freund zu haben. Das weiß, was noch alles fehlt, und Susa macht sich daran, Augen, Ohren und Mund einzubauen. Nerven und Gehirn dürfen nicht fehlen und natürlich auch nicht die inneren Organe. Zum Schluss verpasst sie ihrem Bruder Haut und Haare und wir begreifen, wie ein Mensch funktioniert. Aber wie haucht sie ihm Leben ein? Nach der Methode Frankenstein, wie bei Pinocchio oder beim Golem? Anais Vaugelade löst die Aufgabe auf großartige Weise! (Verlagstext)</marc:subfield>
   </marc:datafield>
   <marc:datafield ind1=" " ind2=" " tag="020">
      <marc:subfield code="a">9783895653506</marc:subfield>
      <marc:subfield code="9">9783895653506</marc:subfield>
   </marc:datafield>
   <marc:datafield ind1=" " ind2=" " tag="041">
      <marc:subfield code="a">ger</marc:subfield>
   </marc:datafield>
   <marc:datafield ind1=" " ind2=" " tag="300">
      <marc:subfield code="a">57 S.</marc:subfield>
   </marc:datafield>
</marc:record>
